[Event "It (open)"]
[Site "masterchessopen.com Lausanne (Switzerland)"]
[Date "2007.09.16"]
[Round "5"]
[White "Andrist Pascal (SUI)"]
[Black "Botta Gabriele (SUI)"]
[Result "1-0"]
[WhiteElo "2137"]
[BlackElo "2046"]

1.d4 Nf6 2.c4 e6 3.Nc3 Bb4 4.e3 O-O 5.Bd3 d5 6.Nf3 b6 7.O-O Bb7 8.a3 Bxc3
9.bxc3 dxc4 10.Bxc4 Qd6 11.Ne5 Nbd7 12.f4 Nxe5 13.fxe5 Qc6 14.Qe2 Ne4 15.Bb2
a6 16.Rf4 Ng5 17.e4 Nxe4 18.Bd3 f5 19.exf6 Nxf6 20.c4 Rae8 21.Raf1 Qd6 22.Rh4
Re7 23.Qc2 g6 24.Qd2 Ref7 25.Qh6 e5 26.d5 Qc5+ 27.Bd4 exd4 28.Rxf6 Qe7
29.Rxg6+ Kh8 30.Re6 Qxa3 31.Qd2 Qa1+ 32.Re1 Qa3 33.Qe2 Qd6 34.Qe4 Rf5 35.Qxd4+
R5f6 36.Rxh7+ Kg8 37.Qg4+ {#r} 1-0

[Event "Memorial E.Geller (open)"]
[Site "masterchessopen.com Odessa (Ukraine)"]
[Date "2007.09.16"]
[Round "9"]
[White "Ipatov Alexander (ESP)"]
[Black "Hrinchuk Vladimir (UKR)"]
[Result "1-0"]
[WhiteElo "2265"]
[BlackElo "2103"]

1.d4 Nf6 2.c4 e6 3.Nc3 Bb4 4.e3 d5 5.Bd3 O-O 6.Nf3 b6 7.cxd5 exd5 8.O-O Ba6
9.Bxa6 Nxa6 10.Qa4 Qc8 11.Ne5 c5 12.Nb5 c4 13.f3 Qb7 14.b3 Rfc8 15.bxc4 dxc4
16.e4 Ne8 17.a3 Bf8 18.Nxc4 Nb8 19.Bf4 Qc6 20.Rac1 a6 21.Nxb6 Qxb6 22.Rxc8 Qb7
23.Rxe8 axb5 24.Qb4 Nd7 25.Rxa8 Qxa8 26.Qxb5 Nf6 27.a4 Qa7 28.Be3 h5 29.h4 Ba3
30.e5 Nd7 31.Qb3 Be7 32.e6 fxe6 33.Qxe6+ Kf8 34.Rc1 Qb7 35.a5 Ba3 36.a6 Qb8
37.Qxd7 Bxc1 38.Bxc1 Qg3 39.Qe6 g5 40.Ba3+ Kg7 41.Qe5+ {#r} 1-0

[Event "Ch Netherlands (team) 2007/08"]
[Site "masterchessopen.com Netherlands"]
[Date "2007.11.03"]
[Round "3"]
[White "Van Der Werf Mark (NED)"]
[Black "Chuchelov Vladimir (BEL)"]
[Result "0-1"]
[WhiteElo "2389"]
[BlackElo "2544"]

1.d4 Nf6 2.c4 e6 3.Nc3 Bb4 4.e3 O-O 5.Bd3 d5 6.Nf3 b6 7.O-O Bb7 8.Qe2 Nbd7
9.a3 Bxc3 10.bxc3 c5 11.Bb2 Qc7 12.Rac1 dxc4 13.Bxc4 e5 14.Rfd1 Rad8 15.Ba2 h6
16.Nh4 Rfe8 17.d5 e4 18.d6 Qb8 19.Nf5 Ne5 20.c4 Re6 21.Rc2 Kh7 22.Rcd2 g6
23.Ng3 Nd3 24.Ba1 Rexd6 25.Bb1 Nc1 26.Qe1 Rxd2 27.Rxd2 Nb3 28.Rxd8 Qxd8 29.Bc3
Na5 30.Bc2 Nxc4 31.Qa1 Nd5 32.Be1 f5 33.Ne2 Qf6 34.Nc3 b5 35.Bb3 Ncb6 36.Bxd5
Bxd5 37.Qd1 Bc4 38.f3 Bd3 39.f4 {#R} 0-1

[Event "It (open)"]
[Site "masterchessopen.com Bosnjaci (Croatia)"]
[Date "2008.01.06"]
[Round "6"]
[White "Horvatic Ivica (CRO)"]
[Black "Potlimbrzovic Zdenko (CRO)"]
[Result "0-1"]
[WhiteElo "1920"]
[BlackElo "2071"]

1.d4 Nf6 2.c4 e6 3.Nf3 Bb4+ 4.Nc3 d5 5.e3 O-O 6.Bd3 b6 7.O-O Bb7 8.Ne5 Nbd7
9.Qc2 h6 10.f4 Bxc3 11.bxc3 Ne4 12.cxd5 exd5 13.Nxd7 Qxd7 14.Bxe4 dxe4 15.f5
Ba6 16.Rf4 Bd3 17.Qf2 f6 18.Bb2 Qa4 19.Rg4 Qc2 20.Qxc2 Bxc2 21.Rc1 Bd3 22.c4
c5 23.a4 Rf7 24.d5 Rff8 25.Kf2 Kf7 26.Rg6 a6 27.Ke1 Rfc8 28.g4 b5 29.h4 bxc4
30.g5 hxg5 31.hxg5 Rab8 32.Bc3 Rb6 33.Kf2 Rh8 34.a5 Rd6 35.gxf6 gxf6 36.Be5
Rh5 37.Rcg1 Rxf5+ 38.Ke1 Rxe5 39.Rg7+ Ke8 40.Rg8+ Kd7 41.Rh8 Rg5 42.Rh7+ Kc8
43.Rgh1 Rd7 44.Rh8+ Kc7 45.Ra8 c3 46.Rxa6 c2 {#R} 0-1

[Event "Extraliga 2008/09 (juniors)"]
[Site "masterchessopen.com Czech Republic"]
[Date "2008.10.05"]
[Round "0"]
[White "Pilch Roman"]
[Black "Vala Filip (CZE)"]
[Result "1-0"]
[WhiteElo "2004"]
[BlackElo "2030"]

1.d4 Nf6 2.c4 e6 3.Nc3 Bb4 4.e3 O-O 5.Bd3 d5 6.Nf3 b6 7.O-O Bb7 8.cxd5 exd5
9.a3 Bd6 10.b4 a6 11.Qb3 Qe7 12.b5 axb5 13.Bxb5 c5 14.a4 c4 15.Qa2 Nc6 16.Ba3
Ra5 17.Bxd6 Qxd6 18.Rfb1 Na7 19.Qb2 Ra8 20.Ne5 g6 21.e4 Nxb5 22.Nxb5 Qd8
23.Nc3 R8a6 24.exd5 Nxd5 25.h3 Nf4 26.d5 Bxd5 27.Rd1 Qg5 28.Ng4 h5 29.Nxd5
Rxd5 30.Nf6+ {#r} 1-0

[Event "Ch Belgium (team) 2008/09"]
[Site "masterchessopen.com Belgium"]
[Date "2008.10.19"]
[Round "2"]
[White "Gillain Christophe (BEL)"]
[Black "Polaczek Richard (BEL)"]
[Result "0-1"]
[WhiteElo "2129"]
[BlackElo "2419"]

1.d4 Nf6 2.c4 e6 3.Nc3 Bb4 4.e3 O-O 5.Nf3 d5 6.Bd3 b6 7.O-O Bb7 8.Qe2 Nbd7
9.a3 Bd6 10.e4 dxc4 11.Bxc4 e5 12.d5 a6 13.Bg5 h6 14.Bh4 Re8 15.Rac1 Nf8
16.Ne1 Ng6 17.Bg3 Nf4 18.Bxf4 exf4 19.a4 Qe7 20.f3 Bc5+ 21.Kh1 Nh5 22.Nd3 Qh4
{#R} 0-1

[Event "Tournament (Elo)"]
[Site "masterchessopen.com Montigny (France)"]
[Date "2008.10.30"]
[Round "5"]
[White "Forissier Nicolas (FRA)"]
[Black "Gaillard Michel (FRA)"]
[Result "1-0"]
[WhiteElo "2000"]
[BlackElo "1969"]

1.d4 d5 2.c4 e6 3.Nc3 Nf6 4.Nf3 Bb4 5.e3 O-O 6.Bd3 b6 7.Bd2 c5 8.O-O Bb7 9.a3
Ba5 10.cxd5 exd5 11.Ne5 a6 12.f4 cxd4 13.exd4 b5 14.Rf3 Bb6 15.Be3 Nbd7 16.Rh3
Ne4 17.Nxd7 Qxd7 18.Qh5 h6 19.f5 Qd6 20.Rd1 Rad8 21.Qg4 Ng5 22.Bxg5 hxg5 23.f6
g6 24.Rf1 Bc8 25.Qxg5 Bxd4+ 26.Kh1 Bxh3 27.Bxg6 Be3 28.Bh7+ {#r} 1-0

[Event "Ch Croatia (team) (3rd league)"]
[Site "masterchessopen.com Zagreb (Croatia)"]
[Date "2008.11.09"]
[Round "11"]
[White "Koporcic Branko (CRO)"]
[Black "Novosel Tomislav (CRO)"]
[Result "0-1"]
[WhiteElo "2057"]
[BlackElo "2165"]

1.d4 Nf6 2.Nf3 e6 3.c4 d5 4.Nc3 Bb4 5.e3 O-O 6.Bd3 b6 7.O-O Bb7 8.cxd5 exd5
9.Bd2 Nbd7 10.Rc1 a6 11.Qe2 Re8 12.Rfd1 Bd6 13.g3 Qe7 14.Nh4 g6 15.f4 Ne4
16.Re1 Nf8 17.Nf3 Ne6 18.Nd1 c5 19.Bc3 c4 20.Bxe4 dxe4 21.Ne5 b5 22.Ng4 Bd5
23.a3 a5 24.Rf1 f5 25.Ne5 Reb8 26.Bd2 Bxe5 27.fxe5 Ng5 28.Nc3 Qe6 29.Kh1 Nf3
30.Nd1 b4 31.axb4 axb4 32.Rc2 Ra2 33.Bc1 c3 34.bxc3 b3 35.Rb2 Bc4 36.Qf2 Ra1
37.Bd2 Bxf1 38.Qxf1 Nxd2 39.Rxd2 b2 40.d5 Qxe5 41.Qc4 Qd6 42.Qc6 Qxc6 43.dxc6
Rc8 44.c7 Rxc7 45.Rxb2 Rxd1+ 46.Kg2 Rd3 {#R} 0-1

[Event "Ch City (final) (open)"]
[Site "masterchessopen.com Novosibirsk (Russia)"]
[Date "2009.02.19"]
[Round "2"]
[White "Bublei Pavel (RUS)"]
[Black "Novichkov Vladimir (RUS)"]
[Result "0-1"]
[WhiteElo "2189"]
[BlackElo "2144"]

1.d4 Nf6 2.c4 e6 3.Nc3 Bb4 4.e3 O-O 5.Bd3 d5 6.Nf3 b6 7.O-O Bb7 8.Bd2 Be7
9.cxd5 exd5 10.Ne5 Nbd7 11.f4 c5 12.Rf3 Ne4 13.Rh3 Nxe5 14.fxe5 g6 15.Qc2 f5
16.exf6 Bxf6 17.Nxe4 dxe4 18.Bc4+ Kg7 19.dxc5 Rc8 20.Rd1 Qc7 21.Bc3 Rcd8
22.Rf1 Qxc5 23.b4 Qe7 24.Qb2 Rd6 25.Rh4 g5 26.Rg4 Kg6 27.Qf2 Bc8 28.Rg3 Bg7
29.Qe1 Rxf1+ 30.Bxf1 Be5 31.b5 Qf6 32.Bb4 Rd8 33.Qb1 Bf5 34.Be2 h5 35.a4 g4
36.Be1 Qd6 37.Bb4 Qc7 38.Be1 Rc8 39.Qb4 Qc5 40.Qb3 Qc2 41.Qd5 Qxe2 42.Bd2 Rc1+
{#R} 0-1

[Event "It (open)"]
[Site "masterchessopen.com Santiago (Cuba)"]
[Date "2009.05.22"]
[Round "6"]
[White "Leyva Yunior (CUB)"]
[Black "Borges Feria Yasel (CUB)"]
[Result "0-1"]
[WhiteElo "2394"]
[BlackElo "2418"]

1.d4 Nf6 2.c4 e6 3.Nc3 Bb4 4.e3 O-O 5.Bd3 d5 6.Nf3 b6 7.O-O Bb7 8.cxd5 exd5
9.a3 Bd6 10.b4 Re8 11.Bb2 a5 12.Qb3 Nbd7 13.Rac1 axb4 14.axb4 c6 15.Rfe1 Ne4
16.b5 cxb5 17.Bxb5 Nxc3 18.Rxc3 Re6 19.Rec1 Nf6 20.Bc6 Bxc6 21.Rxc6 Rb8 22.Qb5
Ne4 23.g3 h6 24.Kg2 Rf6 25.R1c2 Qd7 26.h3 Rxf3 27.Kxf3 Qf5+ 28.Kg2 Ng5 29.Qe2
Qxh3+ 30.Kg1 Rd8 31.Rxb6 h5 32.f3 Qxg3+ 33.Kf1 Nxf3 34.Qf2 Qg4 35.Qg2 Bg3
36.Qe2 {#R} 0-1

[Event "Ch Europe (team)"]
[Site "masterchessopen.com Novi Sad (Serbia)"]
[Date "2009.10.28"]
[Round "7"]
[White "Linster Philippe (LUX)"]
[Black "Drasko Milan (MNE)"]
[Result "0-1"]
[WhiteElo "2205"]
[BlackElo "2527"]

1.d4 e6 2.c4 Nf6 3.Nc3 Bb4 4.e3 O-O 5.Bd3 d5 6.Nf3 b6 7.O-O Bb7 8.a3 Bd6
9.cxd5 exd5 10.b4 a6 11.Qb3 Nbd7 12.a4 Qe7 13.Rb1 c6 14.a5 b5 15.e4 Nxe4
16.Bxe4 dxe4 17.Re1 Nf6 18.Bg5 Qc7 19.Ne5 Bc8 20.Bxf6 gxf6 21.Nxe4 fxe5
22.Qg3+ Kh8 23.Nf6 Bf5 24.Rb3 exd4 25.Qg5 Bxh2+ 26.Kh1 Qf4 27.Qh5 Bg6 28.Qxh2
Qxf6 {#R} 0-1

[Event "It (open)"]
[Site "masterchessopen.com Bad Wiessee (Germany)"]
[Date "2009.11.05"]
[Round "7"]
[White "Kunz Konstantin (GER)"]
[Black "Pezerovic Edin (GER)"]
[Result "0-1"]
[WhiteElo "2282"]
[BlackElo "2447"]

1.d4 Nf6 2.c4 e6 3.Nc3 Bb4 4.e3 O-O 5.Bd3 d5 6.Nf3 b6 7.O-O Bb7 8.Qc2 Nbd7
9.a3 Bxc3 10.bxc3 c5 11.cxd5 exd5 12.a4 Rc8 13.Qb2 c4 14.Bf5 g6 15.Bh3 Ne4
16.Qc2 f5 17.g4 fxg4 18.Bxg4 h5 19.Be6+ Kh7 20.Ne1 Ng5 21.Bxd7 Qxd7 22.f3 Rce8
23.Qg2 Nh3+ 24.Kh1 Bc8 25.a5 b5 26.Nc2 Qd8 27.Bd2 Bf5 28.Nb4 Ng5 29.Nc6 Qf6
30.Ne5 Bh3 31.Qg3 Bxf1 32.Rxf1 Qf5 33.Nd7 Qxd7 34.Qxg5 Qh3 35.Rf2 Rf5 36.Qg3
Qxg3 37.hxg3 Re6 38.Kg2 Ra6 39.Re2 Rxa5 40.e4 Rf7 41.Be1 Re7 42.Kf2 Ra1
43.exd5 Rxe2+ 44.Kxe2 Kg7 45.Bd2 Kf7 46.Bg5 a5 {#R} 0-1

[Event "Ch Tver region (w)"]
[Site "masterchessopen.com Kimry (Russia)"]
[Date "2009.12.06"]
[Round "3"]
[White "Ivanova Svetlana (UKR)"]
[Black "Kazantseva Natalia (RUS)"]
[Result "1-0"]
[WhiteElo "2302"]
[BlackElo "1781"]

1.d4 Nf6 2.c4 e6 3.Nc3 d5 4.e3 Bb4 5.Nf3 O-O 6.Bd3 b6 7.O-O Ba6 8.cxd5 Bxd3
9.Qxd3 exd5 10.Ne5 Nh5 11.Qb5 Bxc3 12.bxc3 a6 13.Qb3 f6 14.Nd3 Nc6 15.g4 Na5
16.Qd1 f5 17.gxh5 Qg5+ 18.Kh1 Rf6 19.e4 Qg4 20.Qxg4 fxg4 21.exd5 Rf4 22.Be3 h6
23.Ne5 Rf5 24.Rg1 Rxh5 25.Rxg4 b5 26.Rag1 g5 {#r} 1-0

[Event "Ch Belgium (team) 2009/10"]
[Site "masterchessopen.com Belgium"]
[Date "2010.01.24"]
[Round "7"]
[White "Gillain Christophe (BEL)"]
[Black "Buhr Carl Christian (GER)"]
[Result "0-1"]
[WhiteElo "2114"]
[BlackElo "2304"]

1.d4 Nf6 2.c4 e6 3.Nc3 Bb4 4.e3 O-O 5.Bd3 d5 6.Nf3 b6 7.O-O Bb7 8.Qe2 Ne4
9.Qc2 f5 10.cxd5 exd5 11.Ne5 Nd7 12.Bxe4 fxe4 13.Nxd7 Qxd7 14.Nxe4 dxe4
15.Qc4+ Qf7 16.Qxb4 Ba6 17.Bd2 Bxf1 18.Rxf1 Qxa2 19.b3 Rf7 20.Qc3 Qa6 21.f4
exf3 22.gxf3 Qb5 23.e4 Rd8 24.f4 Rd6 25.Rf3 Qe2 26.e5 Rh6 {#R} 0-1

[Event "Czech League 2009/10 (1st) East"]
[Site "masterchessopen.com Czech Republic"]
[Date "2010.02.21"]
[Round "9"]
[White "Frolik Martin (CZE)"]
[Black "Zpevak Pavel (CZE)"]
[Result "0-1"]
[WhiteElo "2211"]
[BlackElo "2402"]

1.d4 Nf6 2.Nf3 e6 3.c4 b6 4.Nc3 Bb4 5.e3 O-O 6.Bd3 d5 7.O-O Bb7 8.a3 dxc4
9.Bxc4 Be7 10.Qe2 Ne4 11.Nxe4 Bxe4 12.Ne5 Nd7 13.Nxd7 Qxd7 14.Bd2 c5 15.Bc3
Bf6 16.Rfd1 Qe7 17.Rac1 Rac8 18.Ba6 Rc7 19.dxc5 Bxc3 20.Rxc3 Rxc5 21.Rxc5 Qxc5
22.Qc4 Qf5 23.f3 Bd5 24.Qd3 Qg5 25.e4 Ba8 26.Qd2 Qc5+ 27.Qd4 Rd8 {#R} 0-1

[Event "It (open)"]
[Site "masterchessopen.com Marrakesh (Morocco)"]
[Date "2010.06.30"]
[Round "7"]
[White "Del Rio Angelis Salvador G (ESP)"]
[Black "Romanov Evgeny (RUS)"]
[Result "0-1"]
[WhiteElo "2515"]
[BlackElo "2598"]

1.d4 Nf6 2.c4 e6 3.Nc3 Bb4 4.e3 O-O 5.Bd3 d5 6.Nf3 b6 7.O-O Bb7 8.cxd5 exd5
9.Ne5 Bd6 10.f4 c5 11.Qf3 Nc6 12.Qh3 g6 13.Kh1 Re8 14.Be2 Rc8 15.Bd2 Rc7
16.Be1 Ne4 17.Nxe4 dxe4 18.Bc3 Ba6 19.Nxc6 Rxc6 20.Rf2 Bxe2 21.d5 Rc8 22.Rxe2
b5 23.f5 b4 24.fxg6 fxg6 25.Be1 Be5 26.Rd1 Qd6 27.b3 c4 28.bxc4 Rxc4 29.Bh4 a5
30.Rf2 a4 31.Rdf1 Rc7 32.Qg4 Qxd5 33.Qg5 Qe6 34.Bg3 Rce7 35.Rf5 h6 {#R} 0-1

[Event "It (open) \"]
[Site "masterchessopen.com Tromsoe (Norway)"]
[Round "9"]
[White "Brasoy Aksel (NOR)"]
[Black "Bjerke Richard (NOR)"]
[Result "1-0"]
[WhiteElo "2025"]
[BlackElo "2189"]

1.d4 Nf6 2.c4 e6 3.Nc3 Bb4 4.e3 O-O 5.Bd3 d5 6.Nf3 b6 7.O-O Bb7 8.a3 Bd6 9.b4
dxc4 10.Bxc4 Nbd7 11.h3 a6 12.Re1 e5 13.e4 exd4 14.Qxd4 Qe7 15.Bg5 Ne5 16.Be2
c5 17.bxc5 bxc5 18.Qe3 h6 19.Bf4 Qc7 20.Nxe5 Bxe5 21.Bxe5 Qxe5 22.Bf3 Rad8
23.Rac1 Rd4 24.Ne2 Ra4 25.Rxc5 Qb2 26.Rc3 Bxe4 27.Rb3 Qa2 28.Nc1 Qc2 29.Rc3
Qb2 30.Rb3 Qc2 31.Rc3 Qb2 32.Rb3 Qd4 33.Qxd4 Rxd4 34.Bxe4 Nxe4 35.Rbe3 Nf6
36.Ne2 Rfd8 37.Nxd4 Rxd4 38.Rb3 Nd5 39.Re8+ Kh7 40.Rd8 Kg6 41.Rb6+ Kf5 42.Rxa6
Nf4 43.Rxd4 Ne2+ 44.Kf1 Nxd4 45.Ra7 Kf6 46.a4 {#r} 1-0

[Event "Cup Russia (K-O system)"]
[Site "masterchessopen.com Belgorod (Russia)"]
[Date "2010.11.08"]
[Round "1"]
[White "Potkin Vladimir (RUS)"]
[Black "Mozharov Mikhail (RUS)"]
[Result "1-0"]
[WhiteElo "2630"]
[BlackElo "2494"]

1.d4 Nf6 2.c4 e6 3.Nc3 Bb4 4.e3 O-O 5.Bd3 d5 6.Nf3 b6 7.a3 Bxc3+ 8.bxc3 dxc4
9.Bxc4 Bb7 10.O-O c5 11.Bb2 Nbd7 12.Bd3 Qc7 13.Re1 Be4 14.Bf1 e5 15.Nd2 Bg6
16.e4 cxd4 17.cxd4 exd4 18.Rc1 Nc5 19.e5 Nd5 20.Bxd4 Nf4 21.Be3 Nfe6 22.f4
Rad8 23.Qg4 f5 24.Qh4 Bf7 25.Nc4 Nd3 26.Bxd3 Rxd3 27.Nd6 Qd8 28.Qxd8 Rxd8
29.Nxf5 Rxa3 30.Nd6 g6 31.g4 Ng7 32.f5 gxf5 33.gxf5 Bd5 34.Bg5 Ra8 35.Rcd1 Bf3
36.Rd2 Bg4 37.Rf2 Rd3 38.Re3 Rd1+ 39.Kg2 h6 40.Bxh6 Rxd6 41.Bxg7 Rd4 42.Bf6
Kf7 43.Rc3 Rg8 44.Rc7+ Kf8 45.Rc8+ Kf7 46.e6+ {#r} 1-0

[Event "Ch Romania"]
[Site "masterchessopen.com Sarata Monteoru (Romania)"]
[Date "2011.02.19"]
[Round "10"]
[White "Baciu Stefan (ROM)"]
[Black "Gheorghiu Calin (ROM)"]
[Result "1-0"]
[WhiteElo "2217"]
[BlackElo "2023"]

1.d4 Nf6 2.c4 e6 3.Nc3 Bb4 4.e3 O-O 5.Bd3 d5 6.Nf3 b6 7.O-O Bb7 8.a3 Bd6
9.cxd5 exd5 10.b4 a5 11.b5 Nbd7 12.Qb3 Re8 13.a4 Nf8 14.Ba3 Ne4 15.Bxd6 Qxd6
16.Rfc1 Ng6 17.Bf1 Rad8 18.Rc2 Bc8 19.Nxe4 dxe4 20.Rc6 Qe7 21.Nd2 Nh4 22.Rac1
Qg5 23.g3 Be6 24.Qd1 Nf3+ 25.Nxf3 exf3 26.Rxc7 Qh5 27.Bc4 Bxc4 28.R7xc4 h6
29.Rc6 Re4 30.Qf1 Kh7 31.h3 f5 32.Kh2 f4 33.gxf4 Qh4 34.Qg1 Rd5 35.Qg6+ Kg8
36.Rc8+ Rd8 37.Rxd8+ Qxd8 38.Qxe4 {#r} 1-0

[Event "Ch Bulgaria (w)"]
[Site "masterchessopen.com Bankja (Bulgaria)"]
[Date "2011.04.16"]
[Round "6"]
[White "Ivanova Simoneta (BUL)"]
[Black "Videnova Iva (BUL)"]
[Result "1-0"]
[WhiteElo "1936"]
[BlackElo "2314"]

1.d4 Nf6 2.c4 e6 3.Nc3 Bb4 4.e3 O-O 5.Bd3 d5 6.Nf3 b6 7.O-O Bb7 8.a3 Bd6 9.b4
dxc4 10.Bxc4 a6 11.Bb2 Nbd7 12.Qe2 Qe7 13.e4 e5 14.d5 g6 15.Nd2 a5 16.bxa5
Rxa5 17.Nb3 Raa8 18.Nb5 Nc5 19.Nxd6 cxd6 20.Nxc5 bxc5 21.a4 Ra7 22.a5 Rfa8
23.a6 Bc8 24.Ra3 Ne8 25.f4 f6 26.h4 Nc7 27.h5 Bxa6 28.Bxa6 Rxa6 29.Rg3 Kf7
30.fxe5 dxe5 31.hxg6+ hxg6 32.Qg4 Rg8 33.Rf5 Ke8 34.Rb3 Ra8 35.Rb6 Ra6
36.Rfxf6 Rxb6 37.Rxb6 c4 38.d6 Qe6 39.Rb8+ Kf7 40.Qf3+ Kg7 41.dxc7 Rc8 42.Rxc8
{#r} 1-0

[Event "Memorial Czerniak (cat.8)"]
[Site "masterchessopen.com Tel Aviv (Israel)"]
[Date "2011.05.29"]
[Round "5"]
[White "Manolache Marius (ROM)"]
[Black "Haimovich Tal (ISR)"]
[Result "1-0"]
[WhiteElo "2535"]
[BlackElo "2408"]

1.d4 Nf6 2.c4 e6 3.Nf3 d5 4.Nc3 Bb4 5.e3 O-O 6.Bd3 b6 7.O-O Ba6 8.Ne5 dxc4
9.Nxc4 c5 10.a3 Bxc3 11.bxc3 Nbd7 12.a4 Qc7 13.Ba3 Rfd8 14.Rc1 Bb7 15.Re1 a6
16.e4 b5 17.Nd2 Qf4 18.Qe2 c4 19.Bc2 Ne5 20.Qe3 Qxe3 21.Rxe3 Ng6 22.g3 Nd7
23.h4 Bc6 24.h5 Ngf8 25.f4 Nb6 26.a5 Nc8 27.Nf3 Ra7 28.Bc5 Rb7 29.Rb1 Be8
30.Ne5 Nd7 31.Nc6 Nxc5 32.Nxd8 Rd7 33.Nc6 Nb7 34.Nb8 Rd6 35.e5 Rd8 36.Nxa6
Nxa5 37.Nc7 Na7 38.Ra1 N7c6 39.Nxb5 Rb8 40.Nd6 Rb2 41.Re2 {#r} 1-0

[Event "Ch China (active) (prelim)"]
[Site "masterchessopen.com Hefei (China)"]
[Date "2011.07.05"]
[Round "8"]
[White "Ma Zhonghan"]
[Black "Zeng Chongsheng (CHN)"]
[Result "1-0"]
[WhiteElo "2378"]
[BlackElo "2413"]

1.Nf3 Nf6 2.c4 e6 3.Nc3 d5 4.d4 Bb4 5.e3 O-O 6.Bd3 b6 7.O-O Bb7 8.a3 Be7 9.Qe2
c5 10.Rd1 Nbd7 11.cxd5 exd5 12.b3 Ne4 13.Bb2 Bf6 14.Rac1 Qe7 15.Ba6 Nxc3
16.Bxc3 Bc6 17.dxc5 bxc5 18.Bb5 Bxb5 19.Qxb5 Rab8 20.Bxf6 Nxf6 21.Qxc5 Qxc5
22.Rxc5 Rxb3 23.Ra5 Rb7 24.Nd4 Rc8 25.h3 g6 26.Nb5 Rc2 27.a4 Ra2 28.Rd4 Rb6
29.Rf4 Ne4 30.Kh2 Nxf2 31.Nc3 Rc2 32.Rxa7 f5 33.Nxd5 Rb1 34.Nf6+ Kf8 35.Nxh7+
Ke8 36.Nf6+ Kd8 37.Rh4 Rh1+ 38.Kg3 f4+ 39.Kf3 {#r} 1-0

[Event "World Games (for Disabled)"]
[Site "masterchessopen.com Dresden (Germany)"]
[Round "6"]
[White "Krause S"]
[Black "Inaganti A"]
[Result "0-1"]
[WhiteElo "1670"]
[BlackElo "2044"]

1.d4 Nf6 2.c4 e6 3.Nc3 Bb4 4.e3 d5 5.Nf3 O-O 6.Bd3 b6 7.O-O Nbd7 8.a3 Bxc3
9.bxc3 Bb7 10.a4 Ne4 11.Qc2 f5 12.Nd2 Qg5 13.f4 Qh4 14.Nf3 Qh5 15.cxd5 exd5
16.c4 c5 17.cxd5 Bxd5 18.Bc4 Bxc4 19.Qxc4+ Kh8 20.Bb2 Ndf6 21.Rad1 Ng4 22.Rd3
Nxh2 23.Nxh2 Rf6 24.Rf3 Qh4 25.Qc2 Rg6 26.dxc5 Rc8 27.Qd1 Rg8 28.Qf1 bxc5
29.Rd1 c4 30.Qe1 Qh5 31.Kh1 c3 32.Bxc3 Nxc3 33.Qxc3 Rh6 34.Kg1 Qxh2+ 35.Kf2
Qh4+ 36.Kg1 Qh1+ 37.Kf2 Qxd1 {#R} 0-1

[Event "It (open)"]
[Site "masterchessopen.com Maastricht (Netherlands)"]
[Date "2012.05.26"]
[Round "3"]
[White "Henrichs Thomas (GER)"]
[Black "Gajewski Grzegorz (POL)"]
[Result "1-0"]
[WhiteElo "2478"]
[BlackElo "2618"]

1.d4 Nf6 2.c4 e6 3.Nf3 d5 4.Nc3 Bb4 5.e3 O-O 6.Bd3 b6 7.O-O Bb7 8.cxd5 exd5
9.a3 Bd6 10.b4 a6 11.Qb3 Qe7 12.Bb2 Nbd7 13.Rfe1 Rfe8 14.Rac1 b5 15.a4 c6
16.e4 Bxb4 17.exd5 Qd6 18.Rxe8+ Rxe8 19.dxc6 Bxc6 20.Ng5 Qe7 21.axb5 axb5
22.Nxf7 Qxf7 23.Qxb4 Ng4 24.Nd1 Qf4 25.g3 Qf3 26.Rxc6 Qxd3 27.Rc1 Nb6 28.d5
Nc4 29.Qc3 Nge5 30.Ne3 Qe4 31.Nxc4 bxc4 32.d6 Qd5 33.f4 Qc5+ 34.Kf1 Qd5
35.fxe5 Qh1+ 36.Ke2 Qxh2+ 37.Kd1 Rf8 38.Qxc4+ Kh8 39.Qf4 Qg1+ 40.Kc2 Qg2+
41.Kb1 Rb8 42.Qb4 {#r} 1-0

[Event "It (open)"]
[Site "masterchessopen.com Leiden (Netherlands)"]
[Date "2012.07.06"]
[Round "1"]
[White "Van Halderen Herman (NED)"]
[Black "Lalith Babu M R (IND)"]
[Result "1-0"]
[WhiteElo "2062"]
[BlackElo "2529"]

1.d4 Nf6 2.c4 e6 3.Nc3 Bb4 4.e3 O-O 5.Bd3 d5 6.Nf3 b6 7.a3 Bd6 8.e4 dxe4
9.Nxe4 Bb7 10.Nxf6+ Qxf6 11.Bg5 Bxf3 12.Qd2 Bf4 13.Bxf4 Bxg2 14.Rg1 Nc6
15.Rxg2 Nxd4 16.Qe3 Rfe8 17.O-O-O e5 18.Bg5 Qe6 19.Qe4 g6 20.h4 c6 21.h5 Nb3+
22.Kb1 Nc5 23.Qh4 e4 24.Be2 b5 25.hxg6 fxg6 26.Rh1 {#r} 1-0

[Event "Ch Ireland"]
[Site "masterchessopen.com Dublin (Ireland)"]
[Date "2012.07.13"]
[Round "7"]
[White "O'Connell Gerard (IRL)"]
[Black "Brady Stephen (IRL)"]
[Result "1-0"]
[WhiteElo "2140"]
[BlackElo "2368"]

1.d4 Nf6 2.c4 e6 3.Nc3 Bb4 4.e3 d5 5.Bd3 O-O 6.Nf3 b6 7.O-O Bb7 8.cxd5 exd5
9.Qc2 a6 10.Bd2 Bd6 11.Ne5 c5 12.f4 cxd4 13.exd4 Nc6 14.Ne2 Rc8 15.Qd1 Ne4
16.Rc1 Ne7 17.Ng3 b5 18.Qe2 Nxd2 19.Qxd2 Rxc1 20.Rxc1 Ng6 21.Nf5 Bb8 22.g3
Nxe5 23.fxe5 Ba7 24.Kg2 Kh8 25.Qf4 Bc8 26.Rc6 Bxf5 27.Bxf5 Qa5 28.Rh6 Rd8
29.Rxh7+ Kg8 30.Qg5 g6 31.Bxg6 f6 32.Qxf6 {#r} 1-0

[Event "It (open)"]
[Site "masterchessopen.com Andorra la Vella (Andorra)"]
[Date "2012.07.27"]
[Round "7"]
[White "Del Rio Angelis Salvador G (ESP)"]
[Black "Vehi Bach Victor M (ESP)"]
[Result "1-0"]
[WhiteElo "2547"]
[BlackElo "2362"]

1.d4 Nf6 2.c4 e6 3.Nc3 Bb4 4.e3 O-O 5.Bd3 d5 6.Nf3 b6 7.O-O Bb7 8.a3 Bd6 9.b4
dxc4 10.Bxc4 a5 11.b5 Nbd7 12.Re1 e5 13.e4 h6 14.d5 Kh7 15.Bf1 g6 16.Nb1 Nc5
17.Nbd2 Nh5 18.Nc4 f6 19.Qd2 g5 20.Qd1 Ng7 21.a4 Bc8 22.Nfd2 Bd7 23.Nb3 Ne8
24.Nxc5 Bxc5 25.Ba3 Bxa3 26.Rxa3 Nd6 27.Rc3 Be8 28.Qc2 Ra7 29.Rc1 Rf7 30.Be2
Re7 31.Bg4 Kg7 32.Qe2 Nb7 33.Ne3 Bg6 34.Bf5 Nc5 35.Bxg6 Kxg6 36.Nf5 Rd7 37.Rh3
{#r} 1-0

[Event "It (open)"]
[Site "masterchessopen.com Oslo (Norway)"]
[Date "2012.09.30"]
[Round "3"]
[White "Urkedal Frode (NOR)"]
[Black "Gordon Stephen J (ENG)"]
[Result "0-1"]
[WhiteElo "2473"]
[BlackElo "2556"]

1.d4 Nf6 2.c4 e6 3.Nf3 d5 4.Nc3 Bb4 5.e3 O-O 6.Bd3 b6 7.Qe2 Bb7 8.a3 Be7 9.e4
dxe4 10.Nxe4 Nxe4 11.Bxe4 Bxe4 12.Qxe4 Nd7 13.Qc6 a5 14.Bf4 a4 15.O-O Ra7
16.Rad1 Qa8 17.Qxa8 Rfxa8 18.d5 exd5 19.Nd4 Bf6 20.Nb5 Rb7 21.Nxc7 Ra5 22.cxd5
Bxb2 23.Rfe1 h6 24.Re8+ Kh7 25.Re7 Nf6 26.d6 Bxa3 27.Be5 Ng4 28.Ba1 Bxd6
29.Rxd6 Rc5 30.Bb2 Rcxc7 31.Rxc7 Rxc7 32.Rxb6 Rc2 33.Rb4 Nxf2 34.Ba3 Nd3
35.Rxa4 Ra2 36.g3 Ne1 37.Ra7 Nf3+ 38.Kf1 Nxh2+ 39.Kg1 Nf3+ 40.Kf1 Nd2+ 41.Ke1
{#R} 0-1